书目信息 |
| 题名: |
转型社会控制论
|
|
| 作者: | 杨桂华 著 | |
| 分册: | ||
| 出版信息: | 北京 北京师范大学出版社 2009 |
|
| 页数: | 324页 | |
| 开本: | 23cm | |
| 丛书名: | ||
| 单 册: | ||
| 中图分类: | D668 | |
| 科图分类: | ||
| 主题词: | 社会发展--研究--中国--现代 , 社会发展 | |
| 电子资源: | ||
| ISBN: | 978-7-303-09996-2 | |
| 000 | 00650nam0 2200229 45 | |
| 001 | 1029826574 | |
| 005 | 20100428143836.06 | |
| 010 | @a978-7-303-09996-2@dCNY46.00 | |
| 100 | @a20100419d2009 em y0chiy0110 ea | |
| 101 | 0 | @achi |
| 102 | @aCN@b110000 | |
| 105 | @ay z 000yy | |
| 106 | @ar | |
| 200 | 1 | @a转型社会控制论@AZhuan Xing She Hui Kong Zhi Lun@f杨桂华著@FYang Gui Hua Zhu |
| 210 | @a北京@c北京师范大学出版社@d2009 | |
| 215 | @a324页@d23cm | |
| 606 | 0 | @a社会发展@x研究@y中国@z现代 |
| 606 | 0 | @a社会发展 |
| 690 | @aD668@v4 | |
| 701 | 0 | @a杨桂华@AYang Gui Hua@4著 |
| 801 | 0 | @aCN@bTANGWEI@c20100428 |
| 905 | @b0592729-33@dD668@e115@f5 | |
| 转型社会控制论/杨桂华著.-北京:北京师范大学出版社,2009 |
| 324页;23cm |
| ISBN 978-7-303-09996-2:CNY46.00 |
| ● |
| 相关链接 |
|
|
|
|
正题名:转型社会控制论
索取号:D668/115
 
预约/预借
| 序号 | 登录号 | 条形码 | 馆藏地/架位号 | 状态 | 备注 |
| 1 | 0592729 | 205927292 | 第一样本阅览室/ [索取号:D668/115] | 在馆 | |
| 2 | 0592730 | 205927309 | 第一借阅区/ [索取号:D668/115] | 在馆 | |
| 3 | 0592731 | 205927318 | 第一借阅区/ [索取号:D668/115] | 在馆 | |
| 4 | 0592732 | 205927327 | 第一借阅区/ [索取号:D668/115] | 在馆 | |
| 5 | 0592733 | 205927336 | 第一借阅区/ [索取号:D668/115] | 在馆 |